[Event "Team Championship Russia (Blitz, Women)"]
[Site "Sochi"]
[Date "2018.10.10"]
[Round "6.10"]
[White "Vinokur, Yuliya"]
[Black "Sirotkina, Elizaveta"]
[Result "1-0"]
[BlackElo "1195"]
[WhiteElo "2044"]
[LiveChessVersion "1.4.8"]

1. d4 {[%clk 0:03:02]} d5 {[%clk 0:03:03]} 2. c4 {[%clk 0:03:03]} e6
{[%clk 0:03:03]} 3. Nf3 {[%clk 0:03:03]} Nf6 {[%clk 0:03:04]} 4. g3
{[%clk 0:03:04]} Bb4+ {[%clk 0:03:03]} 5. Nbd2 {[%clk 0:03:05]} O-O
{[%clk 0:03:03]} 6. Bg2 {[%clk 0:03:06]} c6 {[%clk 0:02:42]} 7. O-O
{[%clk 0:03:01]} Nbd7 {[%clk 0:02:35]} 8. Qc2 {[%clk 0:02:51]} Qc7
{[%clk 0:02:25]} 9. e4 {[%clk 0:02:28]} Nxe4 {[%clk 0:02:08]} 10. Nxe4
{[%clk 0:02:25]} dxe4 {[%clk 0:02:09]} 11. Ng5 {[%clk 0:02:09]} Nf6
{[%clk 0:02:01]} 12. Nxe4 {[%clk 0:02:06]} Qe7 {[%clk 0:01:53]} 13. Bg5
{[%clk 0:01:59]} e5 {[%clk 0:01:30]} 14. a3 {[%clk 0:01:22]} Bd6 {[%clk 0:01:13]}
15. Rfe1 {[%clk 0:01:12]} h6 {[%clk 0:01:01]} 16. Nxf6+ {[%clk 0:00:45]} gxf6
{[%clk 0:00:53]} 17. Bxh6 {[%clk 0:00:46]} Re8 {[%clk 0:00:44]} 18. c5
{[%clk 0:00:25]} Bc7 {[%clk 0:00:45]} 19. Qe2 {[%clk 0:00:26]} Bf5
{[%clk 0:00:34]} 20. Qh5 {[%clk 0:00:27]} Bg6 {[%clk 0:00:33]} 21. Qh4
{[%clk 0:00:28]} f5 {[%clk 0:00:32]} 22. Bg5 {[%clk 0:00:28]} Qf8
{[%clk 0:00:33]} 23. Bf6 {[%clk 0:00:28]} Bh7 {[%clk 0:00:32]} 24. Qg5+
{[%clk 0:00:27]} Bg6 {[%clk 0:00:33]} 25. h4 {[%clk 0:00:27]} Kh7
{[%clk 0:00:31]} 26. h5 {[%clk 0:00:29]} Bxh5 {[%clk 0:00:26]} 27. Qxh5+
{[%clk 0:00:27]} Qh6 {[%clk 0:00:27]} 28. Qxf5+ {[%clk 0:00:27]} Qg6
{[%clk 0:00:26]} 29. Qxg6+ {[%clk 0:00:27]} fxg6 {[%clk 0:00:26]} 30. Bxe5
{[%clk 0:00:28]} Bxe5 {[%clk 0:00:26]} 31. Rxe5 {[%clk 0:00:28]} Rxe5
{[%clk 0:00:25]} 32. dxe5 {[%clk 0:00:29]} Re8 {[%clk 0:00:26]} 33. Rd1
{[%clk 0:00:28]} Kg8 {[%clk 0:00:26]} 34. Rd7 {[%clk 0:00:28]} Rxe5
{[%clk 0:00:26]} 35. Rxb7 {[%clk 0:00:28]} Rxc5 {[%clk 0:00:26]} 36. Rxa7
{[%clk 0:00:26]} Rc2 {[%clk 0:00:23]} 37. Rc7 {[%clk 0:00:23]} Rxb2
{[%clk 0:00:23]} 38. Rxc6 {[%clk 0:00:24]} Kg7 {[%clk 0:00:24]} 39. a4
{[%clk 0:00:22]} Rb1+ {[%clk 0:00:25]} 40. Kh2 {[%clk 0:00:23]} Rb4
{[%clk 0:00:23]} 41. a5 {[%clk 0:00:23]} Rb5 {[%clk 0:00:24]} 42. a6
{[%clk 0:00:23]} Rh5+ {[%clk 0:00:24]} 43. Kg1 {[%clk 0:00:24]} Ra5
{[%clk 0:00:25]} 44. Rc7+ {[%clk 0:00:23]} Kh6 {[%clk 0:00:26]} 45. a7
{[%clk 0:00:23]} Ra1+ {[%clk 0:00:25]} 46. Kh2 {[%clk 0:00:24]} Ra5
{[%clk 0:00:25]} 47. a8=Q {[%clk 0:00:23]} Rxa8 {[%clk 0:00:24]} 48. Bxa8
{[%clk 0:00:24]} 1-0

[Event "Team Championship Russia (Blitz, Women)"]
[Site "Sochi"]
[Date "2018.10.10"]
[Round "7.1"]
[White "Bivol, Alina"]
[Black "Pogonina, Natalija"]
[Result "1-0"]
[BlackElo "2328"]
[WhiteElo "2217"]
[LiveChessVersion "1.4.8"]

1. Nf3 {[%clk 0:03:03]} d5 {[%clk 0:03:03]} 2. g3 {[%clk 0:03:04]} Bg4
{[%clk 0:03:03]} 3. Bg2 {[%clk 0:03:05]} c6 {[%clk 0:03:03]} 4. d3
{[%clk 0:03:06]} Nd7 {[%clk 0:03:01]} 5. O-O {[%clk 0:03:06]} Ngf6
{[%clk 0:03:02]} 6. h3 {[%clk 0:03:07]} Bxf3 7. Bxf3 e5 {[%clk 0:02:54]} 8. Bg2
{[%clk 0:03:10]} Bc5 {[%clk 0:02:49]} 9. c4 {[%clk 0:03:05]} O-O {[%clk 0:02:42]}
10. cxd5 {[%clk 0:03:05]} Nxd5 {[%clk 0:02:37]} 11. Nd2 {[%clk 0:03:02]} Re8
{[%clk 0:02:27]} 12. Kh2 {[%clk 0:02:55]} Bf8 {[%clk 0:02:19]} 13. b3
{[%clk 0:02:51]} Nc3 {[%clk 0:02:12]} 14. Qe1 {[%clk 0:02:51]} Nb6
{[%clk 0:02:03]} 15. Bb2 {[%clk 0:02:48]} Nb5 {[%clk 0:02:03]} 16. Nc4
{[%clk 0:02:22]} Nd4 {[%clk 0:01:56]} 17. Rc1 {[%clk 0:02:17]} Nxc4
{[%clk 0:01:56]} 18. bxc4 {[%clk 0:02:07]} Qb6 {[%clk 0:01:56]} 19. Bc3
{[%clk 0:02:02]} a5 {[%clk 0:01:46]} 20. Rb1 {[%clk 0:01:58]} Qc7
{[%clk 0:01:42]} 21. Qd2 {[%clk 0:01:58]} a4 {[%clk 0:01:34]} 22. Rfe1
{[%clk 0:01:31]} h6 {[%clk 0:01:34]} 23. Qb2 {[%clk 0:01:30]} Rab8
{[%clk 0:01:14]} 24. Bxd4 {[%clk 0:01:28]} exd4 {[%clk 0:01:08]} 25. Qxd4
{[%clk 0:01:29]} Bd6 {[%clk 0:01:03]} 26. Qg4 {[%clk 0:01:24]} Qe7
{[%clk 0:00:58]} 27. e3 {[%clk 0:01:22]} Qf6 {[%clk 0:00:53]} 28. Re2
{[%clk 0:01:08]} Qc3 {[%clk 0:00:47]} 29. Be4 {[%clk 0:01:07]} Qf6
{[%clk 0:00:35]} 30. d4 {[%clk 0:00:59]} a3 {[%clk 0:00:34]} 31. Qf5
{[%clk 0:00:54]} Qxf5 {[%clk 0:00:32]} 32. Bxf5 {[%clk 0:00:55]} g6
{[%clk 0:00:21]} 33. Bd3 {[%clk 0:00:51]} b6 {[%clk 0:00:20]} 34. Rc2
{[%clk 0:00:49]} Re7 {[%clk 0:00:20]} 35. c5 {[%clk 0:00:47]} Bc7
{[%clk 0:00:15]} 36. cxb6 {[%clk 0:00:45]} Rxb6 {[%clk 0:00:16]} 37. Rxb6
{[%clk 0:00:42]} Bxb6 {[%clk 0:00:17]} 38. Rxc6 {[%clk 0:00:43]} Ba5
{[%clk 0:00:14]} 39. Bc4 {[%clk 0:00:39]} Kg7 {[%clk 0:00:12]} 40. Kg2
{[%clk 0:00:39]} Rb7 {[%clk 0:00:12]} 41. Ra6 {[%clk 0:00:35]} Bb4
{[%clk 0:00:10]} 42. e4 {[%clk 0:00:33]} Bc3 {[%clk 0:00:09]} 43. d5
{[%clk 0:00:31]} Rb2 {[%clk 0:00:09]} 44. Rxa3 {[%clk 0:00:28]} Bd4
{[%clk 0:00:10]} 45. Rf3 {[%clk 0:00:28]} f6 {[%clk 0:00:08]} 46. d6 Bb6 47. d7
{[%clk 0:00:12]} Bd8 {[%clk 0:00:04]} 48. e5 {[%clk 0:00:12]} f5 {[%clk 0:00:03]}
49. Ra3 {[%clk 0:00:07]} Rd2 {[%clk 0:00:04]} 50. e6 {[%clk 0:00:08]} Kf6
{[%clk 0:00:05]} 51. Ra8 {[%clk 0:00:09]} Ke7 {[%clk 0:00:06]} 52. Kf3
{[%clk 0:00:09]} g5 {[%clk 0:00:07]} 53. a4 {[%clk 0:00:09]} Rd4 {[%clk 0:00:08]}
54. Bb5 {[%clk 0:00:08]} g4+ {[%clk 0:00:08]} 55. hxg4 {[%clk 0:00:09]} fxg4+
{[%clk 0:00:09]} 56. Ke2 {[%clk 0:00:10]} Rb4 {[%clk 0:00:09]} 57. Bd3
{[%clk 0:00:10]} Rb2+ {[%clk 0:00:10]} 58. Ke3 {[%clk 0:00:10]} Ra2
{[%clk 0:00:09]} 59. Kf4 {[%clk 0:00:06]} h5 {[%clk 0:00:10]} 60. Ke3
{[%clk 0:00:07]} Ra3 {[%clk 0:00:10]} 61. Ke2 {[%clk 0:00:07]} Ra2+
{[%clk 0:00:11]} 62. Kf1 {[%clk 0:00:08]} Ra1+ {[%clk 0:00:11]} 63. Kg2
{[%clk 0:00:09]} Ra2 {[%clk 0:00:06]} 64. Bg6 {[%clk 0:00:10]} Ra3
{[%clk 0:00:03]} 65. Bxh5 {[%clk 0:00:11]} Ra2 {[%clk 0:00:04]} 66. Bxg4
{[%clk 0:00:12]} Ra3 {[%clk 0:00:05]} 67. Bf3 {[%clk 0:00:12]} Ra2
{[%clk 0:00:06]} 68. g4 {[%clk 0:00:13]} Ra3 {[%clk 0:00:07]} 69. g5
{[%clk 0:00:14]} 1-0

[Event "Team Championship Russia (Blitz, Women)"]
[Site "Sochi"]
[Date "2018.10.10"]
[Round "7.2"]
[White "Girya, Olga"]
[Black "Vasilevich, Irina"]
[Result "1/2-1/2"]
[BlackElo "2160"]
[WhiteElo "2389"]
[LiveChessVersion "1.4.8"]

1. d4 {[%clk 0:03:03]} e6 {[%clk 0:03:01]} 2. c4 {[%clk 0:03:04]} Bb4+
{[%clk 0:02:58]} 3. Bd2 {[%clk 0:03:05]} Qe7 {[%clk 0:02:58]} 4. g3
{[%clk 0:03:06]} Nf6 {[%clk 0:02:55]} 5. Bg2 {[%clk 0:03:07]} O-O
{[%clk 0:02:51]} 6. Nf3 {[%clk 0:03:07]} Bxd2+ {[%clk 0:02:49]} 7. Qxd2
{[%clk 0:03:07]} d6 {[%clk 0:02:50]} 8. Nc3 {[%clk 0:03:06]} e5 {[%clk 0:02:45]}
9. e3 {[%clk 0:02:47]} Nc6 {[%clk 0:01:58]} 10. Nd5 {[%clk 0:02:40]} Qd8
{[%clk 0:01:37]} 11. O-O {[%clk 0:02:12]} Bg4 {[%clk 0:01:30]} 12. h3
{[%clk 0:01:50]} Bxf3 {[%clk 0:01:25]} 13. Bxf3 {[%clk 0:01:51]} exd4
{[%clk 0:01:24]} 14. exd4 {[%clk 0:01:52]} Nxd5 {[%clk 0:01:20]} 15. Bxd5
{[%clk 0:01:49]} Qf6 {[%clk 0:01:19]} 16. Rad1 {[%clk 0:01:43]} Rae8
{[%clk 0:01:14]} 17. Qd3 {[%clk 0:01:24]} Nb4 {[%clk 0:01:03]} 18. Qf3
{[%clk 0:01:25]} Nxd5 {[%clk 0:00:57]} 19. Qxd5 {[%clk 0:01:26]} c6
{[%clk 0:00:52]} 20. Qa5 {[%clk 0:01:26]} Re2 {[%clk 0:00:50]} 21. Rd2
{[%clk 0:01:04]} Rxd2 {[%clk 0:00:33]} 22. Qxd2 {[%clk 0:01:04]} Re8
{[%clk 0:00:34]} 23. Re1 {[%clk 0:01:02]} Re7 {[%clk 0:00:28]} 24. Rxe7
{[%clk 0:00:51]} Qxe7 {[%clk 0:00:29]} 25. Qa5 {[%clk 0:00:35]} h6
{[%clk 0:00:26]} 26. d5 {[%clk 0:00:10]} c5 {[%clk 0:00:20]} 27. Qc3
{[%clk 0:00:09]} Qe4 {[%clk 0:00:19]} 28. h4 {[%clk 0:00:08]} a6 {[%clk 0:00:17]}
29. a3 {[%clk 0:00:08]} b5 {[%clk 0:00:17]} 30. b3 {[%clk 0:00:06]} bxc4
{[%clk 0:00:15]} 31. bxc4 {[%clk 0:00:06]} Qb1+ {[%clk 0:00:16]} 32. Kg2
{[%clk 0:00:07]} Qe4+ {[%clk 0:00:16]} 33. Kg1 {[%clk 0:00:08]} Qb1+
{[%clk 0:00:17]} 34. Kh2 {[%clk 0:00:05]} Qe4 {[%clk 0:00:16]} 35. Qb3
{[%clk 0:00:04]} Kh7 {[%clk 0:00:09]} 36. Kg1 1/2-1/2

[Event "Team Championship Russia (Blitz, Women)"]
[Site "Sochi"]
[Date "2018.10.10"]
[Round "7.3"]
[White "Maltsevskaya, Aleksandra"]
[Black "Guseva, Marina"]
[Result "0-1"]
[BlackElo "2292"]
[WhiteElo "2269"]
[LiveChessVersion "1.4.8"]

1. c4 {[%clk 0:02:59]} c6 {[%clk 0:03:03]} 2. e4 {[%clk 0:02:34]} d5
{[%clk 0:03:04]} 3. exd5 {[%clk 0:02:35]} cxd5 {[%clk 0:03:05]} 4. cxd5
{[%clk 0:02:36]} Nf6 {[%clk 0:03:05]} 5. Nc3 {[%clk 0:02:34]} Nxd5
{[%clk 0:03:06]} 6. d4 {[%clk 0:02:32]} e6 {[%clk 0:03:03]} 7. Nf3
{[%clk 0:02:32]} Bb4 {[%clk 0:03:02]} 8. Bd2 {[%clk 0:02:32]} Nc6
{[%clk 0:03:02]} 9. a3 {[%clk 0:02:27]} Be7 {[%clk 0:03:01]} 10. Bd3
{[%clk 0:02:20]} O-O {[%clk 0:03:01]} 11. O-O {[%clk 0:02:20]} h6
{[%clk 0:03:02]} 12. b4 {[%clk 0:02:04]} Bf6 {[%clk 0:02:58]} 13. Ne2
{[%clk 0:01:56]} e5 {[%clk 0:02:48]} 14. dxe5 {[%clk 0:01:03]} Nxe5
{[%clk 0:02:49]} 15. Nxe5 {[%clk 0:01:03]} Bxe5 {[%clk 0:02:50]} 16. Rb1
{[%clk 0:01:00]} Be6 {[%clk 0:02:48]} 17. Ng3 {[%clk 0:00:39]} Qh4
{[%clk 0:02:45]} 18. Re1 {[%clk 0:00:25]} Bd6 {[%clk 0:02:45]} 19. Qf3
{[%clk 0:00:24]} Rad8 {[%clk 0:02:34]} 20. h3 {[%clk 0:00:04]} Nf6
{[%clk 0:01:39]} 21. Be3 {[%clk 0:00:03]} Bd5 {[%clk 0:01:36]} 22. Nf5
{[%clk 0:00:03]} Bxf3 {[%clk 0:01:20]} 23. Nxh4 {[%clk 0:00:05]} Bc6
{[%clk 0:01:19]} 24. Be2 {[%clk 0:00:06]} Be5 {[%clk 0:01:15]} 25. Bxa7
{[%clk 0:00:05]} Rd2 {[%clk 0:01:09]} 26. Nf3 {[%clk 0:00:06]} Bxf3
{[%clk 0:01:02]} 27. Bxf3 {[%clk 0:00:07]} Bb2 {[%clk 0:00:59]} 28. Be3
{[%clk 0:00:07]} Rc2 {[%clk 0:00:58]} 29. Bd1 {[%clk 0:00:09]} Rfc8
{[%clk 0:00:54]} 30. Bxc2 {[%clk 0:00:09]} Rxc2 {[%clk 0:00:55]} 31. a4
{[%clk 0:00:08]} Nd5 {[%clk 0:00:56]} 32. b5 {[%clk 0:00:07]} Nc3
{[%clk 0:00:56]} 33. Rxb2 {[%clk 0:00:06]} Rxb2 {[%clk 0:00:57]} 34. Bd4
{[%clk 0:00:07]} Ne2+ {[%clk 0:00:58]} 35. Rxe2 {[%clk 0:00:07]} Rxe2
{[%clk 0:00:59]} 36. a5 {[%clk 0:00:07]} Ra2 {[%clk 0:00:58]} 37. Bc3
{[%clk 0:00:06]} Ra3 {[%clk 0:00:59]} 38. Be1 {[%clk 0:00:05]} Rb3
{[%clk 0:00:55]} 39. b6 {[%clk 0:00:06]} f5 {[%clk 0:00:49]} 40. Kf1
{[%clk 0:00:07]} Rb2 {[%clk 0:00:50]} 41. Bc3 {[%clk 0:00:06]} Rc2
{[%clk 0:00:50]} 42. a6 {[%clk 0:00:05]} bxa6 {[%clk 0:00:46]} 43. Ba5
{[%clk 0:00:04]} Rb2 {[%clk 0:00:46]} 44. Bc3 Rxb6 {[%clk 0:00:46]} 45. Ke2
{[%clk 0:00:04]} Rb5 {[%clk 0:00:46]} 46. Kd3 {[%clk 0:00:05]} Kf7
{[%clk 0:00:45]} 47. Kc4 {[%clk 0:00:06]} Rb1 {[%clk 0:00:46]} 48. Bd4
{[%clk 0:00:06]} g5 {[%clk 0:00:46]} 49. g3 {[%clk 0:00:06]} h5 {[%clk 0:00:45]}
50. Be3 {[%clk 0:00:06]} Kg6 {[%clk 0:00:45]} 51. h4 {[%clk 0:00:05]} gxh4
{[%clk 0:00:43]} 52. gxh4 {[%clk 0:00:06]} a5 {[%clk 0:00:44]} 53. Kc3
{[%clk 0:00:03]} a4 {[%clk 0:00:45]} 54. Kc2 {[%clk 0:00:05]} Rb4
{[%clk 0:00:44]} 55. Kc3 {[%clk 0:00:05]} Rxh4 {[%clk 0:00:44]} 56. Kd4 0-1

[Event "Team Championship Russia (Blitz, Women)"]
[Site "Sochi"]
[Date "2018.10.10"]
[Round "7.4"]
[White "Kovanova, Baira"]
[Black "Drozdova, Dina"]
[Result "1/2-1/2"]
[BlackElo "2164"]
[WhiteElo "2205"]
[LiveChessVersion "1.4.8"]

1. Nf3 {[%clk 0:03:01]} Nf6 {[%clk 0:03:03]} 2. g3 {[%clk 0:03:02]} b6
{[%clk 0:03:03]} 3. Bg2 {[%clk 0:03:02]} Bb7 {[%clk 0:03:04]} 4. d3
{[%clk 0:03:03]} c5 {[%clk 0:03:02]} 5. e4 {[%clk 0:03:04]} d6 {[%clk 0:02:59]}
6. O-O {[%clk 0:03:03]} e6 {[%clk 0:02:58]} 7. c3 {[%clk 0:02:57]} Be7
{[%clk 0:02:59]} 8. Nh4 {[%clk 0:02:54]} Qc7 {[%clk 0:02:52]} 9. f4
{[%clk 0:02:41]} Nc6 {[%clk 0:02:51]} 10. Be3 {[%clk 0:02:36]} b5
{[%clk 0:02:50]} 11. Nd2 {[%clk 0:02:26]} a5 {[%clk 0:02:43]} 12. a4
{[%clk 0:02:15]} b4 {[%clk 0:01:55]} 13. c4 {[%clk 0:02:16]} Nd7 {[%clk 0:01:46]}
14. Nhf3 {[%clk 0:01:37]} Bf6 {[%clk 0:01:45]} 15. Qc2 {[%clk 0:01:29]} h6
{[%clk 0:01:44]} 16. Nb3 {[%clk 0:01:28]} Be7 {[%clk 0:01:24]} 17. Kh1
{[%clk 0:01:21]} O-O-O {[%clk 0:01:11]} 18. d4 {[%clk 0:01:21]} Kb8
{[%clk 0:01:08]} 19. Rfd1 {[%clk 0:01:06]} Na7 {[%clk 0:00:49]} 20. Rd2
{[%clk 0:00:56]} Nf6 {[%clk 0:00:47]} 21. d5 {[%clk 0:00:50]} exd5
{[%clk 0:00:42]} 22. cxd5 {[%clk 0:00:51]} Ng4 {[%clk 0:00:42]} 23. Bg1
{[%clk 0:00:51]} g5 {[%clk 0:00:42]} 24. f5 {[%clk 0:00:36]} Bf6 {[%clk 0:00:40]}
25. Rc1 {[%clk 0:00:32]} Nc8 {[%clk 0:00:36]} 26. Nbd4 {[%clk 0:00:32]} Ne5
{[%clk 0:00:28]} 27. Nxe5 {[%clk 0:00:32]} Bxe5 {[%clk 0:00:29]} 28. Nb5
{[%clk 0:00:33]} Qb6 {[%clk 0:00:30]} 29. Qc4 {[%clk 0:00:27]} f6
{[%clk 0:00:24]} 30. Re1 {[%clk 0:00:26]} h5 {[%clk 0:00:17]} 31. Qd3
{[%clk 0:00:23]} Ba6 {[%clk 0:00:18]} 32. Qf3 {[%clk 0:00:18]} h4
{[%clk 0:00:16]} 33. g4 {[%clk 0:00:18]} h3 {[%clk 0:00:17]} 34. Bf1
{[%clk 0:00:19]} Rh7 {[%clk 0:00:16]} 35. Rc2 {[%clk 0:00:19]} Rdh8
{[%clk 0:00:17]} 36. Rec1 {[%clk 0:00:20]} Bxb5 {[%clk 0:00:14]} 37. Bxb5
{[%clk 0:00:21]} Na7 {[%clk 0:00:13]} 38. Bf1 {[%clk 0:00:22]} Rc8
{[%clk 0:00:12]} 39. Qd3 {[%clk 0:00:22]} Kb7 {[%clk 0:00:12]} 40. Rd1
{[%clk 0:00:22]} Rch8 {[%clk 0:00:11]} 41. Rdc1 {[%clk 0:00:24]} Rc8
{[%clk 0:00:11]} 1/2-1/2

[Event "Team Championship Russia (Blitz, Women)"]
[Site "Sochi"]
[Date "2018.10.10"]
[Round "7.5"]
[White "Solozhenkina, Elizaveta"]
[Black "Voit, Daria"]
[Result "0-1"]
[BlackElo "2415"]
[WhiteElo "2134"]
[LiveChessVersion "1.4.8"]

1. d4 {[%clk 0:03:03]} Nf6 {[%clk 0:03:03]} 2. Nf3 {[%clk 0:03:04]} e6
{[%clk 0:03:04]} 3. c4 {[%clk 0:03:05]} Bb4+ {[%clk 0:03:05]} 4. Bd2
{[%clk 0:03:06]} c5 {[%clk 0:03:06]} 5. Bxb4 {[%clk 0:03:06]} cxb4
{[%clk 0:03:07]} 6. g3 {[%clk 0:03:04]} O-O {[%clk 0:03:04]} 7. Bg2
{[%clk 0:03:03]} d6 {[%clk 0:03:05]} 8. Nbd2 {[%clk 0:03:04]} Qc7
{[%clk 0:03:02]} 9. O-O {[%clk 0:02:43]} e5 {[%clk 0:03:00]} 10. e3
{[%clk 0:02:34]} Bg4 {[%clk 0:02:54]} 11. h3 {[%clk 0:02:32]} Bxf3
{[%clk 0:02:50]} 12. Nxf3 {[%clk 0:02:13]} a5 {[%clk 0:02:35]} 13. Rc1
{[%clk 0:02:11]} Nc6 {[%clk 0:02:31]} 14. Qa4 {[%clk 0:02:00]} Rac8
{[%clk 0:02:25]} 15. Rfd1 {[%clk 0:01:58]} b6 {[%clk 0:02:07]} 16. Qc2
{[%clk 0:01:29]} Rfd8 {[%clk 0:01:42]} 17. Rd2 {[%clk 0:01:25]} h6
{[%clk 0:01:40]} 18. b3 {[%clk 0:01:14]} Nb8 {[%clk 0:01:31]} 19. Qf5
{[%clk 0:01:12]} Qd7 {[%clk 0:01:07]} 20. Qxd7 {[%clk 0:01:06]} Nbxd7
{[%clk 0:01:06]} 21. dxe5 {[%clk 0:01:01]} dxe5 {[%clk 0:01:02]} 22. Rcd1
{[%clk 0:01:02]} Kf8 {[%clk 0:01:03]} 23. Nxe5 {[%clk 0:01:01]} Rc7
{[%clk 0:00:57]} 24. Nc6 {[%clk 0:00:50]} Rdc8 {[%clk 0:00:56]} 25. Nd4
{[%clk 0:00:48]} Nc5 {[%clk 0:00:55]} 26. Nb5 {[%clk 0:00:49]} Re7
{[%clk 0:00:54]} 27. Rd6 {[%clk 0:00:43]} Rb8 {[%clk 0:00:53]} 28. Rd8+
{[%clk 0:00:42]} Re8 {[%clk 0:00:54]} 29. Rxe8+ {[%clk 0:00:39]} Kxe8
{[%clk 0:00:55]} 30. Bc6+ {[%clk 0:00:40]} Ke7 {[%clk 0:00:56]} 31. Nd4
{[%clk 0:00:28]} g6 {[%clk 0:00:53]} 32. Bf3 {[%clk 0:00:27]} Rc8
{[%clk 0:00:47]} 33. Nc6+ {[%clk 0:00:27]} Ke6 {[%clk 0:00:41]} 34. Na7
{[%clk 0:00:25]} Rc7 {[%clk 0:00:34]} 35. Nb5 {[%clk 0:00:24]} Rd7
{[%clk 0:00:36]} 36. Nd4+ {[%clk 0:00:23]} Ke7 {[%clk 0:00:35]} 37. Nc6+
{[%clk 0:00:18]} Ke6 {[%clk 0:00:36]} 38. Nd8+ {[%clk 0:00:18]} Ke7
{[%clk 0:00:37]} 39. Nc6+ {[%clk 0:00:19]} Ke6 {[%clk 0:00:38]} 40. Nd4+
{[%clk 0:00:13]} Ke7 {[%clk 0:00:39]} 41. Bc6 {[%clk 0:00:14]} Rd6
{[%clk 0:00:37]} 42. f3 {[%clk 0:00:15]} h5 {[%clk 0:00:32]} 43. Kf2
{[%clk 0:00:16]} Ne6 {[%clk 0:00:31]} 44. Ke2 {[%clk 0:00:13]} Nxd4+
{[%clk 0:00:31]} 45. exd4 {[%clk 0:00:14]} Rxc6 {[%clk 0:00:32]} 46. d5
{[%clk 0:00:11]} Rc8 {[%clk 0:00:33]} 47. Ke3 {[%clk 0:00:13]} Kd6
{[%clk 0:00:34]} 48. Kf4 {[%clk 0:00:14]} Re8 {[%clk 0:00:33]} 49. Rd2
{[%clk 0:00:15]} Re5 {[%clk 0:00:32]} 50. g4 {[%clk 0:00:15]} g5+
{[%clk 0:00:32]} 51. Kg3 {[%clk 0:00:16]} h4+ {[%clk 0:00:32]} 52. Kf2
{[%clk 0:00:18]} Nd7 {[%clk 0:00:32]} 53. f4 {[%clk 0:00:10]} gxf4
{[%clk 0:00:28]} 54. Kf3 {[%clk 0:00:12]} Re3+ {[%clk 0:00:28]} 55. Kxf4
{[%clk 0:00:13]} Rxh3 {[%clk 0:00:28]} 56. g5 {[%clk 0:00:12]} Ne5
{[%clk 0:00:26]} 57. Re2 {[%clk 0:00:12]} Rf3+ {[%clk 0:00:26]} 0-1

[Event "Team Championship Russia (Blitz, Women)"]
[Site "Sochi"]
[Date "2018.10.10"]
[Round "7.6"]
[White "Dordzhieva, Dinara"]
[Black "Maletina, Tatiana"]
[Result "1-0"]
[BlackElo "2339"]
[WhiteElo "2225"]
[LiveChessVersion "1.4.8"]

1. Nf3 {[%clk 0:03:03]} d5 {[%clk 0:03:03]} 2. g3 {[%clk 0:03:05]} Bg4
{[%clk 0:03:03]} 3. Bg2 {[%clk 0:03:06]} Nd7 {[%clk 0:03:04]} 4. h3
{[%clk 0:03:06]} Bh5 {[%clk 0:03:05]} 5. b3 {[%clk 0:03:06]} c6 {[%clk 0:03:04]}
6. Bb2 {[%clk 0:03:07]} Ngf6 {[%clk 0:03:05]} 7. O-O {[%clk 0:03:07]} e6
{[%clk 0:03:06]} 8. d3 {[%clk 0:03:07]} Be7 {[%clk 0:03:06]} 9. c4
{[%clk 0:03:08]} O-O {[%clk 0:03:06]} 10. Nbd2 {[%clk 0:03:10]} Re8
{[%clk 0:03:05]} 11. Qc2 {[%clk 0:03:09]} Bf8 {[%clk 0:03:03]} 12. e4
{[%clk 0:02:49]} dxe4 {[%clk 0:03:01]} 13. dxe4 {[%clk 0:02:50]} Bg6
{[%clk 0:02:54]} 14. Nh4 {[%clk 0:02:50]} Qb6 {[%clk 0:02:43]} 15. Nxg6
{[%clk 0:02:47]} hxg6 {[%clk 0:02:44]} 16. e5 {[%clk 0:02:48]} Nh5
{[%clk 0:02:39]} 17. Ne4 {[%clk 0:02:49]} Be7 {[%clk 0:02:21]} 18. Kh2
{[%clk 0:02:49]} g5 {[%clk 0:02:20]} 19. Rad1 {[%clk 0:02:47]} Rad8
{[%clk 0:02:21]} 20. Nd6 {[%clk 0:02:44]} Bxd6 {[%clk 0:02:18]} 21. exd6
{[%clk 0:02:35]} Nhf6 {[%clk 0:02:04]} 22. Qd2 {[%clk 0:02:29]} Qc5
{[%clk 0:02:00]} 23. Bd4 {[%clk 0:02:05]} Qf5 {[%clk 0:01:56]} 24. Rfe1
{[%clk 0:02:00]} a6 {[%clk 0:01:45]} 25. Qe3 {[%clk 0:01:57]} e5 {[%clk 0:01:44]}
26. Bb2 {[%clk 0:01:59]} g4 {[%clk 0:01:43]} 27. h4 {[%clk 0:01:59]} Re6
{[%clk 0:01:34]} 28. Rd2 {[%clk 0:01:58]} Rde8 {[%clk 0:01:13]} 29. b4
{[%clk 0:01:54]} Nh5 {[%clk 0:01:05]} 30. c5 {[%clk 0:01:50]} Nf4
{[%clk 0:01:03]} 31. Be4 Qh5 32. Qc3 {[%clk 0:01:13]} Ng6 {[%clk 0:00:57]} 33.
Kg1 {[%clk 0:01:14]} Nf6 {[%clk 0:00:55]} 34. Bc2 {[%clk 0:01:06]} Nd5
{[%clk 0:00:55]} 35. Qb3 {[%clk 0:00:47]} e4 {[%clk 0:00:31]} 36. d7
{[%clk 0:00:33]} Rd8 {[%clk 0:00:32]} 37. Rxe4 {[%clk 0:00:34]} Rxd7
{[%clk 0:00:20]} 38. Rxe6 {[%clk 0:00:21]} fxe6 {[%clk 0:00:22]} 39. Qc4
{[%clk 0:00:22]} Ne5 {[%clk 0:00:20]} 40. Bxe5 Qxe5 {[%clk 0:00:21]} 41. Rd1
{[%clk 0:00:09]} Rf7 {[%clk 0:00:15]} 42. Qxg4 {[%clk 0:00:08]} Rf6
{[%clk 0:00:06]} 43. Be4 {[%clk 0:00:04]} Qb2 {[%clk 0:00:03]} 44. Bxd5
{[%clk 0:00:05]} Qxf2+ {[%clk 0:00:03]} 45. Kh1 {[%clk 0:00:06]} cxd5
{[%clk 0:00:04]} 46. Qh5 {[%clk 0:00:05]} Qxg3 47. Qe8+ Rf8 1-0

[Event "Team Championship Russia (Blitz, Women)"]
[Site "Sochi"]
[Date "2018.10.10"]
[Round "7.7"]
[White "Potapova, Margarita"]
[Black "Shuvalova, Polina"]
[Result "1-0"]
[BlackElo "2246"]
[WhiteElo "2099"]
[LiveChessVersion "1.4.8"]

1. d4 {[%clk 0:03:03]} Nf6 {[%clk 0:03:03]} 2. c4 {[%clk 0:03:05]} e6
{[%clk 0:03:05]} 3. Nf3 {[%clk 0:03:06]} d5 {[%clk 0:03:06]} 4. Nc3
{[%clk 0:03:05]} c5 {[%clk 0:03:07]} 5. cxd5 {[%clk 0:03:04]} Nxd5
{[%clk 0:03:08]} 6. e4 {[%clk 0:03:05]} Nxc3 {[%clk 0:03:09]} 7. bxc3
{[%clk 0:03:06]} cxd4 {[%clk 0:03:10]} 8. cxd4 {[%clk 0:03:08]} Bb4+
{[%clk 0:03:10]} 9. Bd2 {[%clk 0:03:09]} Bxd2+ {[%clk 0:03:11]} 10. Qxd2
{[%clk 0:03:10]} O-O {[%clk 0:03:11]} 11. Bc4 {[%clk 0:03:04]} b6
{[%clk 0:03:13]} 12. O-O {[%clk 0:03:04]} Nd7 {[%clk 0:03:14]} 13. Rad1
{[%clk 0:02:45]} Bb7 {[%clk 0:03:15]} 14. Rfe1 {[%clk 0:02:44]} Rc8
{[%clk 0:03:16]} 15. Bb3 {[%clk 0:02:43]} Re8 {[%clk 0:03:16]} 16. Qf4
{[%clk 0:02:41]} Qc7 {[%clk 0:03:05]} 17. Qg5 {[%clk 0:02:24]} h6
{[%clk 0:03:02]} 18. Qh4 {[%clk 0:02:08]} Qd8 {[%clk 0:03:03]} 19. Qf4
{[%clk 0:02:06]} Qc7 {[%clk 0:03:04]} 20. Qh4 {[%clk 0:02:07]} Qd8
{[%clk 0:03:04]} 21. Qf4 {[%clk 0:02:08]} a6 {[%clk 0:02:56]} 22. Rc1
{[%clk 0:01:47]} Nf6 {[%clk 0:02:41]} 23. Rxc8 {[%clk 0:01:44]} Qxc8
{[%clk 0:02:41]} 24. h3 {[%clk 0:01:12]} b5 {[%clk 0:02:31]} 25. Rc1
{[%clk 0:00:58]} Qa8 {[%clk 0:02:31]} 26. Rc7 {[%clk 0:00:48]} Bxe4
{[%clk 0:02:17]} 27. Ne5 {[%clk 0:00:49]} Bxg2 {[%clk 0:01:45]} 28. Rxf7
{[%clk 0:00:42]} Bxh3 {[%clk 0:00:56]} 29. Qg3 {[%clk 0:00:39]} Ng4
{[%clk 0:00:49]} 30. Nxg4 {[%clk 0:00:15]} Bxg4 {[%clk 0:00:40]} 31. Rd7
{[%clk 0:00:16]} Qe4 {[%clk 0:00:37]} 32. Qc7 {[%clk 0:00:06]} Qg6
{[%clk 0:00:38]} 33. Kf1 {[%clk 0:00:05]} Rf8 {[%clk 0:00:35]} 34. Bc2
{[%clk 0:00:03]} Bh3+ {[%clk 0:00:29]} 35. Ke1 {[%clk 0:00:04]} Qg1+
{[%clk 0:00:30]} 36. Kd2 {[%clk 0:00:06]} Rxf2+ {[%clk 0:00:22]} 37. Kc3
{[%clk 0:00:07]} Qa1+ {[%clk 0:00:18]} 38. Kb3 {[%clk 0:00:03]} Rf3+
{[%clk 0:00:18]} 39. Kb4 {[%clk 0:00:05]} Qb2+ {[%clk 0:00:16]} 40. Ka5
{[%clk 0:00:06]} Qa3+ {[%clk 0:00:08]} 41. Kb6 {[%clk 0:00:08]} Rg3
{[%clk 0:00:10]} 42. Rd8+ {[%clk 0:00:07]} 1-0